| 000 | 00638nam a2200157Ia 4500 | ||
|---|---|---|---|
| 005 | 20250424120222.0 | ||
| 008 | 250424s9999 xx 000 0 und d | ||
| 022 | _a22275460/ 22258604 | ||
| 050 | _aHQ 1075.5 .N6 A37/ | ||
| 245 | 0 | _aAfrrev laligens: an international journal of language, literature and gender studies | |
| 260 | _bInternational Association of African Researchers and Reviewer Inc. | ||
| 260 | _c2012 | ||
| 300 | _av. , 154 p. ; 21 cm. | ||
| 650 | _aSex role--Nigeria--Periodicals. Sex role--Africa--Periodicals. Nigerian literature--History and criticism--Periodicals. Nigeria--Languages--Periodicals. | ||
| 942 | _cSR | ||
| 999 |
_c38060 _d38060 |
||